Yunus Emre: selected poems/ (Record no. 74034)
| 000 -BAŞLIK | |
|---|---|
| Sabit Uzunluktaki Kontrol Alanı | 01224nam a22003857a 4500 |
| 001 - KONTROL NUMARASI | |
| Control Dosyası | 0073279 |
| 003 - KONTROL NUMARASI KİMLİĞİ | |
| Kontrol Alanı | KOHA_MİRAKIL |
| 005 - EN SON İŞLEM TARİHİ ve ZAMANI | |
| Kontrol Alanı | 20260207005132.0 |
| 007 - FİZİKSEL TANIM SABİT ALAN - GENEL BİLGİ | |
| Sabit uzunluklu kontrol alanı | ta |
| 008 - SABİT UZUNLUKTAKİ VERİ ÖGELERİ - GENEL BİLGİ | |
| Sabit Alan | 250304b1993 tu |||gr||||#0|||1|tur | |
| 020 ## - ISBN - ULUSLARARASI STANDART KİTAP NUMARASI | |
| Isbn | 9751705665 |
| 040 ## - KATALOGLAMA KAYNAĞI | |
| Özgün Kataloglama Kurumu | TR-BiSEU |
| Kataloglama Dili | tur |
| Çeviri Kurumu | TR-BiSEU |
| Açıklama Kuralları | rda |
| 041 0# - DİL KODU | |
| Metin ya da ses kaydının dil kodu | tur |
| -- | eng |
| 044 ## - YAYINLAYAN/ÜRETEN KURULUŞUN ÜLKE KODU | |
| ISO country code | tu |
| 050 ## - SINIFLAMA ve YER NUMARASI | |
| Sınıflama Numarası | PL234 |
| Yer Numarası | .Y86 1993 |
| 245 0# - ESER ADI BİLDİRİMİ | |
| Başlık | Yunus Emre: selected poems/ |
| Sorumluluk Bildirimi | Translated by Talat Sait Halman. |
| 250 ## - BASIM BİLDİRİMİ | |
| Basım Bildirimi | 2. Baskı |
| 264 #1 - ÜRERİM, YAYIN, DAĞITIM ve TELİF BİLDİRİMİ | |
| Yayın yeri | Ankara : |
| Yayınlayan | Publications of the Ministry of Culture |
| Yayın tarihi | 1993 |
| 300 ## - FİZİKSEL TANIMLAMA | |
| Sayfa, Cilt vb. | 183 sayfa; 34 cm. |
| 336 ## - İÇERİK TÜRÜ | |
| Content type term | metin |
| Content type code | txt |
| Source | rdacontent |
| 337 ## - MEDYA TÜRÜ | |
| Media type term | aracısız |
| Media type code | n |
| Source | rdamedia |
| 338 ## - TAŞIYICI TÜRÜ | |
| Carrier type term | cilt |
| Carrier type code | nc |
| Source | rdacarrier |
| 490 1# - DİZİ BİLDİRİMİ | |
| Dizi Bildirimi | Publications of the Ministry of Culture ; |
| Cilt Numarası | 1113. |
| 490 1# - DİZİ BİLDİRİMİ | |
| Dizi Bildirimi | Turkish Classics series ; |
| Cilt Numarası | 21 |
| 650 #0 - KONU BAŞLIĞI EK GİRİŞ - KONU TERİMİ | |
| Konusal terim veya coğrafi ad | Türk Edebiyatı--Biyografiler. |
| 9 (RLIN) | 147349 |
| 650 #0 - KONU BAŞLIĞI EK GİRİŞ - KONU TERİMİ | |
| Konusal terim veya coğrafi ad | Tasavvuf Şiiri. |
| 9 (RLIN) | 147350 |
| 650 #0 - KONU BAŞLIĞI EK GİRİŞ - KONU TERİMİ | |
| Konusal terim veya coğrafi ad | Türk Şiiri. |
| 9 (RLIN) | 5923 |
| 650 #0 - KONU BAŞLIĞI EK GİRİŞ - KONU TERİMİ | |
| Konusal terim veya coğrafi ad | Turkish Literature--Biographies. |
| 9 (RLIN) | 147351 |
| 650 #0 - KONU BAŞLIĞI EK GİRİŞ - KONU TERİMİ | |
| Konusal terim veya coğrafi ad | Sufi Poetry. |
| 9 (RLIN) | 104858 |
| 650 #0 - KONU BAŞLIĞI EK GİRİŞ - KONU TERİMİ | |
| Konusal terim veya coğrafi ad | Turkish Poetry. |
| 9 (RLIN) | 5930 |
| 830 1# - SERİ EK GİRİŞİ - TEKBİÇİM ESER ADI | |
| Tekbiçim Başlık | Publications of the Ministry of Culture ; |
| Volume number/sequential designation | 1113. |
| 9 (RLIN) | 31751 |
| 830 1# - SERİ EK GİRİŞİ - TEKBİÇİM ESER ADI | |
| Tekbiçim Başlık | Turkish Classics series ; |
| Volume number/sequential designation | 21 |
| 9 (RLIN) | 147352 |
| 907 ## - LOCAL DATA ELEMENT G, LDG (RLIN) | |
| a | Şiir |
| 942 ## - EK GİRİŞ ÖGELERİ (KOHA) | |
| Source of classification or shelving scheme | Library of Congress Classification |
| Koha item type | Book |
| Materyal Türü | Kalıcı Konum | Mevcut Konum | Raf Yeri | Sınıflandırma Kaynağı | Edinim Bilgisi | Ana Konular | Alt Konular | Yer Numarası | Demirbaş Numarası | Fatura Tarihi | Geri Çekilme Durumu | Kayıp Durumu | Hasarlı Durumu | Kredi için değil | Kayıt Tarih | Toplam Ödünçverme | Son Görülme Tarihi | Son Kontrol Tarihi | Genel / Bağış Notu |
|---|---|---|---|---|---|---|---|---|---|---|---|---|---|---|---|---|---|---|---|
| Book | Prof. Dr. Azmi Özcan Kütüphanesi | Prof. Dr. Azmi Özcan Kütüphanesi | Birûni Salonu | Library of Congress Classification | Bağış | DİL VE EDEBİYAT | Doğu Asya, Afrika, Okyanusya Dilleri ve Edebiyatları | PL234 .Y86 1993 | 0073279 | 02/02/2026 | 04/03/2025 | 15/04/2025 | 15/04/2025 | Christopher FERRARD, Akademisyen |
